Lyonel Feininger : (Record no. 188344)

MARC details
000 -LEADER
campo de control de longitud fija 01323nam a2200301 i 4500
001 - NÚMERO DE CONTROL
campo de control 188344
003 - IDENTIFICADOR DE NÚMERO DE CONTROL
campo de control SpMaBN
005 - FECHA Y HORA DE LA ÚLTIMA TRANSACCIÓN
campo de control 20250817062601.0
008 - DATOS DE LONGITUD FIJA--INFORMACIÓN GENERAL
campo de control de longitud fija 180829s2017 sp a c |||| | spa d
020 ## - NÚMERO INTERNACIONAL ESTÁNDAR DEL LIBRO
Número Internacional Estándar del Libro 978-84-7075-647-4
080 ## - NÚMERO DE LA CLASIFICACIÓN DECIMAL UNIVERSAL
Número de la Clasificación Decimal Universal 75 Feininger, Lyonel
100 1# - ENTRADA PRINCIPAL--NOMBRE DE PERSONA
Nombre de persona Feininger, T. Lux.
9 (RLIN) 165365
245 10 - MENCIÓN DEL TÍTULO
Título Lyonel Feininger :
Resto del título la ciudad en los confines del mundo : [exposición] /
Mención de responsabilidad, etc. texto de T. Lux Feininger ; fotografías de Andreas Feininger ; [traducción, edición y notas, Mariola Gómez Laínez, Genara Sert].
260 ## - PUBLICACIÓN, DISTRIBUCIÓN, ETC.
Lugar de publicación, distribución, etc. Madrid :
Nombre del editor, distribuidor, etc. Fundación Juan March,
Fecha de publicación, distribución, etc. [2017]
300 ## - DESCRIPCIÓN FÍSICA
Extensión 125 p. :
Otras características físicas il. col. y n. ;
Dimensiones 27 x 25 cm.
500 ## - NOTA GENERAL
Nota general Índice.
585 ## - NOTA DE EXPOSICIONES
Nota de exposiciones Publ. con motivo de la exposición Lyonel Feininger (1871-1956), Fundación Juan March, Madrid, del 17 de febrero al 28 de mayo de 2017.
600 14 - PUNTO DE ACCESO ADICIONAL DE MATERIA--NOMBRE DE PERSONA
Nombre de persona Feininger, Lyonel (
Fechas asociadas al nombre 1871-1956)-
Subdivisión de forma Exposiciones.
9 (RLIN) 173142
655 #7 - TERMINO DE INDIZACIÓN--GENERO/FORMA
Fuente del término tgfbne
9 (RLIN) 193628
Datos o término principal de género/forma Catálogos de exposiciones
700 1# - ENTRADA AGREGADA--NOMBRE PERSONAL
Nombre de persona Feininger, Lyonel (
Fechas asociadas al nombre 1871-1956)
9 (RLIN) 165366
700 1# - ENTRADA AGREGADA--NOMBRE PERSONAL
Nombre de persona Feininger, Andreas.
9 (RLIN) 49124
700 1# - ENTRADA AGREGADA--NOMBRE PERSONAL
Nombre de persona Gómez Laínez, Mariola.
9 (RLIN) 165367
700 1# - ENTRADA AGREGADA--NOMBRE PERSONAL
Nombre de persona Sert, Genara.
9 (RLIN) 165368
710 2# - ENTRADA AGREGADA--NOMBRE DE ENTIDAD CORPORATIVA
Nombre de entidad corporativa o nombre de jurisdicción como elemento de entrada Fundación Juan March
9 (RLIN) 4346
852 ## - LOCALIZACIÓN
Ubicación ES-MaACL
Número de control de estantería A-14221
Nota libre Encuadernación cartoné
itemnumber 195473
Sublocalización o colección R.151810
Ubicación en estantería Depósito 1
Signatura antigua Olim: N-7221
942 ## - ELEMENTOS DE ENTRADA SECUNDARIOS (KOHA)
Fuente del sistema de clasificación o colocación Clasificación decimal universal
Holdings
Estatus retirado Estado de pérdida Fuente del sistema de clasificación o colocación Estado de daño No para préstamo Biblioteca de origen Biblioteca actual Ubicación en estantería Fecha de adquisición Fuente de adquisición Total de préstamos Signatura topográfica completa Código de barras Visto por última vez Precio de reemplazo Tipo de ítem Koha
    Clasificación decimal universal     Biblioteca del Ateneo de Madrid Biblioteca del Ateneo de Madrid Depósito 1 29/08/2018 Donación   A-14221 1199238 23/02/2023 23/02/2023 Libro impreso